Nová figurace : Galerie výtv. um. Litoměřice, červen - září 1993, Východočes. galerie Pardubice, listopad 1993 - leden 1994, Moravská galerie Brno, únor - březen 1994, Dům umění Opava, duben - květen 1994, Oblastní galerie Vysočiny Jihlava, červen - srpen 1994 /

Hlavní autor: Petrová, Eva, 1928-2012
Jazyk: Čeština
Vydáno: Litoměřice : Galerie výtvarného umění, 1993
Témata:
Fyzický popis: 104 s., [1] vol. příl. : obr. a barev. obr.
Knihy
Uloženo v:
LEADER 01314nam a2200301 a 4500
001 000007529
003 CZ BrMZK
005 20030604114857.0
007 ta
008 010907s1993 xr f c 000 m cze d
020 |a 80-85090-16-3  |c 40.00 
040 |a BOA001  |b cze 
080 |a 730(437.1)"19":92(064)  |2 MRF 
080 |a 75(437.1)"19":92(064)  |2 MRF 
100 1 |a Petrová, Eva,  |d 1928-2012  |7 jk01092823 
245 1 0 |a Nová figurace :  |b Galerie výtv. um. Litoměřice, červen - září 1993, Východočes. galerie Pardubice, listopad 1993 - leden 1994, Moravská galerie Brno, únor - březen 1994, Dům umění Opava, duben - květen 1994, Oblastní galerie Vysočiny Jihlava, červen - srpen 1994 /  |c Text ... 
260 |a Litoměřice :  |b Galerie výtvarného umění,  |c 1993 
300 |a 104 s., [1] vol. příl. :  |b obr. a barev. obr. 
500 |a Souhrn franc., něm. a angl. 
500 |a Katalog výstavy 
653 0 |a nová figurace 
910 |a BOA001  |b 4-0991.361 
962 |a 75(437.1) 
962 |a 730(437.1) 
964 |a Umění české - nová figurace - výstavy - r.1993-1994 - katalogy 
964 |a Nová figurace - umění české - výstavy - r.1993-1994 - katalogy 
990 |a BK 
996 6 |b 2610001641  |c 4-0991.361  |l MZK  |r Sklad / do 1 hodiny  |n 43  |p p.v.  |w 000007529  |u 000010  |a 1  |e BOA001  |j MZK50  |s P